La personalidad de Castilla en el conjunto de los pueblos hispánicos / (Record no. 40881)

MARC details
000 -LEADER
campo de control de longitud fija 00827nam a2200229 i 4500
001 - NÚMERO DE CONTROL
campo de control 40881
003 - IDENTIFICADOR DE NÚMERO DE CONTROL
campo de control ES-MaACL
005 - FECHA Y HORA DE LA ÚLTIMA TRANSACCIÓN
campo de control 20230906160330.0
007 - CAMPO FIJO DE DESCRIPCIÓN FÍSICA--INFORMACIÓN GENERAL
campo de control de longitud fija t|
008 - DATOS DE LONGITUD FIJA--INFORMACIÓN GENERAL
campo de control de longitud fija 030307s1968 sp ||||1| spa d
080 ## - NÚMERO DE LA CLASIFICACIÓN DECIMAL UNIVERSAL
Número de la Clasificación Decimal Universal 946.301
080 ## - NÚMERO DE LA CLASIFICACIÓN DECIMAL UNIVERSAL
Número de la Clasificación Decimal Universal 946
100 1# - ENTRADA PRINCIPAL--NOMBRE DE PERSONA
Nombre de persona Carretero y Jiménez, Anselmo.
9 (RLIN) 35729
245 13 - MENCIÓN DEL TÍTULO
Título La personalidad de Castilla en el conjunto de los pueblos hispánicos /
Mención de responsabilidad, etc. Anselmo Carretero y Jiménez.
250 ## - MENCION DE EDICION
Mención de edición 3ª ed. amp.
260 ## - PUBLICACIÓN, DISTRIBUCIÓN, ETC.
Lugar de publicación, distribución, etc. Valencia :
Nombre del editor, distribuidor, etc. Fomento de Cultura,
Fecha de publicación, distribución, etc. 1968.
300 ## - DESCRIPCIÓN FÍSICA
Extensión 180 p., 16 lám. ;
Dimensiones 18 cm.
594 ## - Nota al título y mención de responsabilidad
Nota al título y mención de responsabilidad Recoge la conferencia dada por el autor al Institut Català de Cultura el 2 de julio de 1957, en el Orfeó Català de México, amp. para la presente ed.
651 #4 - PUNTO DE ACCESO ADICIONAL DE MATERIA--NOMBRE GEOGRÁFICO
Nombre geográfico Castilla-
Subdivisión general Historia.
9 (RLIN) 7976
651 #4 - PUNTO DE ACCESO ADICIONAL DE MATERIA--NOMBRE GEOGRÁFICO
Nombre geográfico España-
Subdivisión general Historia.
9 (RLIN) 8209
852 ## - LOCALIZACIÓN
Ubicación ES-MaACL
Número de control de estantería C-56813
Holdings
Estatus retirado Estado de pérdida Estado de daño No para préstamo Biblioteca de origen Biblioteca actual Ubicación en estantería Fecha de adquisición Fuente de adquisición Total de préstamos Signatura topográfica completa Código de barras Visto por última vez Precio de reemplazo Tipo de ítem Koha
        Biblioteca del Ateneo de Madrid Biblioteca del Ateneo de Madrid Depósito 2 17/01/2008     C-56813 1043034 23/02/2023 23/02/2023 Libro impreso